000
00330nam a22001457a 4500
008
210531b ||||| |||| 00| 0 eng d
020
_a
9780534917487
041
_a
eng
080
_2
7th
_a
510
082
_a
510
100
_a
36
101
_a
MAT
245
_a
Fundamentals of College Algebra
_c
Swokowski,E.W
942
_2
udc
_c
BK
999
_c
57866
_d
57866